| 000 | 00451nam a2200145 a 4500 | ||
|---|---|---|---|
| 008 | 120416s1975 ||||||||||||||||| || u | ||
| 050 | _aPR 9199.3.H45L8 | ||
| 100 | _aHenry, Ann Maud | ||
| 245 | 1 | 0 | _aLulu street |
| 246 | _aa play | ||
| 260 |
_aVancouver _bTalon Books _c1975 |
||
| 300 | _a132p. | ||
| 350 | _a0.00 | ||
| 995 |
_D0.00 _FCBU-MAIN LIBRARY (Kitwe) _H1 _I0.00 _M1 _UDAMAGED _ZFiction Collection |
||
| 999 |
_c49560 _d49560 |
||